01121nam a22003257a 4500003000500000005001700005008004100022010000900063011001000072035000900082040000900091082002100100100003100121245003600152250001000188260003300198300001900231490003400250590004100284590004100325590004100366590004200407650003500449830004000484901000700524942001000531949008800541999001500629952015100644CHAP20220329133703.0971013s1994 r 00010 d a9489 a10461 a9698 cCHAP a635.964bV3 199400aVargas, J. M., Jr.9118127 aManagement of turfgrass disease a2 ed. aBoca Ratón :bLewis,c1994 a194 p.b: ilus aAdvances in turfgrass science aBATCH-UPDb10c20130110lUCH01h2145 aBATCH-UPDb10c20130410lUCH01h1453 aBATCH-UPDb10c20130914lUCH01h0957 aCONVERSIONb10c20130109lUCH01h130614aCéspedxEnfermedades.9243330 aAdvances in turfgrass science91001 aBK cLIBRO a635.964 V3 1994bBCcLIBROd33724000254843eLIBROgI.172574h86163i9698smt230.00 c9489d9489 00102ddc4052708GRALaBCbBCcPP_GRALd2019-12-31eI.172574fLIBROl0o635.964 V3 1994p33724000254843r2019-12-31 00:00:00w2019-12-31yLIBRO